පෙරඔර කෙටිකතා සමුච්චය /
Saved in:
| Format: | Book |
|---|---|
| Language: | English Sinhalese |
| Published: |
සංස්කෘතික දෙපාර්තමේන්තුව ,
|
| Tags: |
Add Tag
No Tags, Be the first to tag this record!
|
MARC
| LEADER | 00000nam a22000007a 4500 | ||
|---|---|---|---|
| 003 | LK-ApPL | ||
| 005 | 20260408123143.0 | ||
| 008 | 260408b |||||||| |||| 00| 0 eng d | ||
| 020 | |a 9786246135065 | ||
| 040 | |a LK-ApPL |b sin |d LK-ApPL | ||
| 041 | |a sin | ||
| 082 | |2 23 |a 891.481 | ||
| 245 | |a පෙරඔර කෙටිකතා සමුච්චය / | ||
| 260 | |b සංස්කෘතික දෙපාර්තමේන්තුව , | ||
| 300 | |a පි. 225 : |c සෙ.මි.23 | ||
| 942 | |c LBK | ||
| 999 | |c 24342 |d 24342 | ||